000 00628nam a2200229Ia 4500
003 OSt
005 20220928112707.0
006 a|||||r|||| 00| 0
007 ta
008 220927b |||||||| |||| 00| 0 eng d
024 _a28012
037 _cTextual
040 _aSDCL
_cSDCL
_beng
041 _2eng
_aeng
082 _aV2y7M841, L8
100 _aHanda R L
_9429294
245 0 _aRajendra Prasad
_b Twelve years of triumph and despair.
260 _aNew Delhi
_bSterling Publishers
_c1978
300 _av,240p
_ccm.
942 _hV2y7M841, L8
_cTEXL
_2CC
999 _c745795
_d745795